000 00456nam a2200157Ia 4500
008 230718s9999 xx 000 0 und d
041 _aeng
082 _a621.7
_bCHO
100 _aChoudhury S.K.H.
245 _aElements Of Workshop Technology
_bVol.II: Machine Tools
260 _c2008
_bMedia Promoters & Publishers
300 _a700
365 _cRs.
_b200.00
700 _aChoudhury S.K.H. & Choudhury A.K.H.
906 _dB:694111-Dec-2008
_cSS
_b170
999 _c320463
_d320463